000 00413nam a2200181Ia 4500
001 2935
005 20260306144843.0
008 260306t1997||||xx |||||||||||||| ||spa||
041 _aESP
082 _a234
_bM44
100 _aMessori, Vittorio
_eAUT
245 0 _aHipótesis sobre Jesús
260 _c1997
300 _a231 páginas :
_c22 cm.
650 _aGEN
654 _aCHU
942 _cLIB
_dJUS
_fJUS
_2ddc
_n
999 _c2935
_d2935